| 000 | 05547namaa22004331i 4500 | ||
|---|---|---|---|
| 003 | EG-GICUC | ||
| 005 | 20260502102028.0 | ||
| 008 | 260502s2025 ua a|||frm||| 000 0 eng d | ||
| 040 |
_aEG-GICUC _beng _cEG-GICUC _dEG-GICUC _erda |
||
| 041 | 0 |
_aeng _beng _bara |
|
| 049 | _aDeposit | ||
| 082 | 0 | 4 | _a576.05 |
| 092 |
_a576.05 _221 |
||
| 097 | _aPh.D | ||
| 099 | _aCai01.10.10.Ph.D.2025.Ha.D | ||
| 100 | 0 |
_aHassan Aboul-Ella Oteify Hassanien, _epreparation. |
|
| 245 | 1 | 0 |
_aDevelopment of a pan-fungal vaccine and evaluation of its immunogenicity and protective efficacy / _cby Hassan Aboul-Ella Oteify Hassanien ; Supervisors Prof. Dr. Heidy Mohamed Shawky Abo-Elyazeed, Dr. Ahmed Mohamed El-Hamaki. |
| 246 | 1 | 5 | _aتطوير لقاح فطري واسع المدى وتقييم قدرته المناعية وكفاءته الوقائية |
| 264 | 0 | _c2025. | |
| 300 |
_a135 pages : _billustrations ; _c25 cm. + _eCD. |
||
| 336 |
_atext _2rda content |
||
| 337 |
_aUnmediated _2rdamedia |
||
| 338 |
_avolume _2rdacarrier |
||
| 502 | _aThesis (Ph.D)-Cairo University, 2025. | ||
| 504 | _aBibliography: pages 120-135. | ||
| 520 | 3 | _aFungal infections are a widely spread cause of a wide range of contagious zoonotic diseases, affecting both humans and animals. This disease is caused by a diverse group of fungi, including both mold and yeast. Despite the wide distribution of fungal cases throughout the world and its adverse clinical effect on human health, economic effects on productive animals, and pet animal welfare, there is no approved vaccine or adopted vaccination strategy for such a disease. The current study tried to accomplish the difficult equation by developing more than one quality-controlled pan-fungal vaccine candidate based on the main criteria for vaccine development and production that would greatly help in its establishment as a cornerstone in any current or upcoming national or international control strategy for a fungal disease. The developed vaccines’ physical properties, purity, sterility, safety, and potency were ensured. The protective efficacy of the developed and prepared vaccine candidates was determined using a challenge test in laboratory animals, where around 85% (according to the developed experimental model) protection rate was achieved. The developed pan-fungal vaccine candidates proved to be effective and provided significant protective efficacy against different fungal infection models. Therefore, the current work introduces a very promising mitigative and strategic control solution for the widespread fungal diseases. | |
| 520 | 3 | _aتُعدّ الإصابات الفطرية سببًا واسع الانتشار لمجموعة كبيرة من الأمراض المعدية المشتركة التي تصيب الإنسان والحيوان على حد سواء. وتنجم هذه الأمراض عن طيف متنوع من الفطريات يشمل الأعفان والخمائر. وعلى الرغم من الانتشار الواسع للحالات الفطرية عالميًا وتأثيراتها السريرية السلبية على صحة الإنسان، إضافةً إلى آثارها الاقتصادية على الحيوانات المنتِجة ورفاهية حيوانات الرفقة، فلا يوجد حتى الآن لقاح مُعتمد أو استراتيجية تطعيم مُطبَّقة للسيطرة على هذه الأمراض. سعت الدراسة الحالية إلى تحقيق معادلة صعبة من خلال تطوير أكثر من مرشّح لقاح شامل مضاد للفطريات، خاضع لرقابة جودة صارمة، اعتمادًا على المعايير الأساسية لتطوير وإنتاج اللقاحات، بما يُسهم بشكل كبير في ترسيخه كركيزة أساسية ضمن أي استراتيجية وطنية أو دولية حالية أو مستقبلية لمكافحة الأمراض الفطرية. وقد جرى التأكد من الخصائص الفيزيائية للقاحات المطوّرة، ونقاوتها، وتعقيمها، وسلامتها، وقوتها المناعية. كما تم تحديد الفاعلية الوقائية لمرشّحات اللقاح المطوّرة والمحضّرة باستخدام اختبار التحدّي في حيوانات المختبر، حيث تحقّق معدل حماية يقارب ٨٥٪ (وفقًا للنموذج التجريبي المطوّر). وقد أثبتت مرشّحات اللقاح الشامل المضاد للفطريات فاعليتها وقدّمت كفاءة وقائية ملحوظة ضد نماذج مختلفة من العدوى الفطرية. وبناءً على ذلك، يقدّم هذا العمل حلًا واعدًا واستراتيجيًا للتخفيف والسيطرة على الأمراض الفطرية واسعة الانتشار. | |
| 530 | _aIssues also as CD. | ||
| 546 | _aText in English and abstract in Arabic & English. | ||
| 650 | 0 | _aMicrobiology | |
| 650 | 0 | _aالميكروبيولوجيا | |
| 653 | 1 |
_apan-fungal vaccine _aimmunogenicity _aprotective efficacy |
|
| 700 | 0 |
_aHeidy Mohamed Shawky Abo-Elyazeed _ethesis advisor. |
|
| 700 | 0 |
_aAhmed Mohamed El-Hamaki _ethesis advisor. |
|
| 900 |
_b01-01-2025 _cHeidy Mohamed Shawky Abo-Elyazeed _cAhmed Mohamed El-Hamaki _UCairo University _FFaculty of Veterinary Medicine _DDepartment of Microbiology |
||
| 905 | _aShimaa | ||
| 942 |
_2ddc _cTH _e21 _n0 |
||
| 999 | _c179885 | ||